|
|
|
|
| LEADER |
00873nam a2200169Ia 4500 |
| 001 |
UIH_00853 |
| 008 |
230809s9999 xx 000 0 und d |
| 082 |
|
|
|a 621.318
|
| 100 |
|
|
|a Huỳnh, Tuyết Vy
|
| 245 |
|
0 |
|a Điều khiển tối ưu thích nghi dùng học củng cố áp dụng cho hệ thống lưu trữ năng lượng tái tạo : Báo cáo tổng kết đề tài Nghiên cứu Khoa học cấp Trường
|
| 245 |
|
0 |
|c Huỳnh, Tuyết Vy
|
| 260 |
|
|
|b Đại học Công nghiệp TP. Hồ Chí Minh
|
| 260 |
|
|
|c 2022
|
| 650 |
|
|
|a Công nghệ điện tử;Hệ thống điều khiển;
|
| 856 |
|
|
|u https://opac.iuh.edu.vn/TraCuuTaiLieuSo2XemChiTiet.aspx?Id=117256
|
| 927 |
|
|
|a Đề tài khoa học
|
| 980 |
|
|
|a Trung tâm Thư viện - Trường Đại học Công nghiệp TP. Hồ Chí Minh
|